Ein wunderliches Völkchen
| Titel: | Ein wunderliches Völkchen : Mord, Totschlag, Zank und Streit und andere wundersame Geschehnisse aus oberlausitzischen Städten und Dörfern / Herausgeber und Vorwort Gottfried Blumenstein |
|---|---|
| Beteiligt: | ; |
| Ausgabe: | 1. Auflage |
| Veröffentlicht: | Königswartha : Schwarzwasser Verlag, 2019 |
| Umfang: | 231 Seiten : Illustrationen ; 22 cm |
| Format: | Buch |
| Sprache: | Deutsch |
| ISBN: | 9783940800220 ; 3940800228 |
| Hinweise zum Inhalt: |
Inhaltsverzeichnis
|
alg: 46030984 001A $06000:27-02-20 001B $06062:28-12-22 $t11:14:07.000 001D $06062:28-12-22 001U $0utf8 001X $00 002@ $0Aax 002C $aText $btxt $2rdacontent 002D $aohne Hilfsmittel zu benutzen $bn $2rdamedia 002E $aBand $bnc $2rdacarrier 003@ $0460309846 004A $A978-3-940800-22-0 $fFesteinband : circa EUR 18.00 (DE), circa EUR 18.50 (AT), circa CHF 20.00 (freier Preis) 004A $03-940800-22-8 004K $09783940800220 006C $01127539231 $aOCoLC 006G $01198887702 006H $0TOCNEUA2009 $2DNB 006T $019,N46 006U $020,A27 $f20191105 007A $01198887702 $aDNB 009P $qapplication/pdf $A2 $3Inhaltsverzeichnis $uhttps://d-nb.info/1198887702/04 $mB:DE-101 010@ $ager 010E $erda 011@ $a2019 $n2019 017A $asf 021A $aEin @wunderliches Völkchen $dMord, Totschlag, Zank und Streit und andere wundersame Geschehnisse aus oberlausitzischen Städten und Dörfern $hHerausgeber und Vorwort Gottfried Blumenstein 028C $BHerausgeber $4edt $7112290604 $8Blumenstein, Gottfried [Tp1] $9146767470 028C $aBrankatschk $BHerausgeber $dIris $4edt 032@ $a1. Auflage 033A $pKönigswartha $01065424329 $nSchwarzwasser Verlag 034D $a231 Seiten 034I $a22 cm 034M $aIllustrationen 044K $qDNB $74165725-1 $8Kriminalfall [Ts1] $9085743208 044K $qDNB $RLausitz $#Lausitz, Süd $#Südliche Lausitz $#Górne Łużyce $74042942-8 $8Oberlausitz [Tg1] $9085119431 045E $c360 045F $a364.109432145 $eDDC23ger 045F/01 $a364.1 045F/03 $g432145 045R $aGeschichte lok: 46030984 78 exp: 46030984 78 1 #EPN 201B/01 $021-03-24 $t15:14:51.000 201C/01 $021-03-24 201U/01 $0utf8 203@/01 $01258512548 208@/01 $a21-03-24 $be 209A/01 $a/ $f000 $x00 209A/01 $ab*p $x01 209A/01 $aBetr. auch Görlitz $x03 209B/01 $a3 $x05 220C/01 $apgar 244Z/01 $#Schlesien $#Schlesien $#Herzogtum Schlesien $#Herzogtum Schlesien Schlesien $#Provinz Schlesien $#Śla̜sk $#Slezsko $#Silesia $74052678-1 $8--Tg1--Schlesien $x02 $9085146781 244Z/01 $#Stadt Görlitz $#Stadtkreis Görlitz $#Goerliti $#Zhorjelc $#Zgorzelec $#Gorlicia Calancorum $#Gorlicium $74021441-2 $8--Tg1--Görlitz $x03 $908505237X 244Z/01 $#Germania Slavica $#"Germania Slavica" $#Germania Slavica $#Germania Slavica $#Germania Slavica $#Germania Slavica $#Germania Slavica $8--Trx--Germania Slavica $x11 $9391371002 247C/01 $82080>Marburg/Lahn, Herder-Institut, Forschungsbibliothek, Bibliographieportal $9336309341
| LEADER | 00000cam a22000002c 4500 | ||
|---|---|---|---|
| 001 | 460309846 | ||
| 003 | DE-603 | ||
| 005 | 20221228111407.0 | ||
| 007 | tu | ||
| 008 | 200227s2019 xx |||| | u00||u|ger | ||
| 015 | |a 20,A27 |z 19,N46 |2 dnb | ||
| 016 | 7 | |2 DE-101 |a 1198887702 | |
| 020 | |a 9783940800220 |c Festeinband : circa EUR 18.00 (DE), circa EUR 18.50 (AT), circa CHF 20.00 (freier Preis) | ||
| 020 | |a 3940800228 | ||
| 024 | 3 | |a 9783940800220 | |
| 035 | |a (DE-599)DNB1198887702 | ||
| 040 | |a DE-603 |b ger |c DE-603 |d DE-603 |e rda | ||
| 041 | |a ger | ||
| 082 | 0 | 4 | |8 1\u |a 364.109432145 |q DE-101 |2 23/ger |
| 084 | |a 360 |q DE-101 |2 sdnb | ||
| 085 | |8 1\u |b 364.1 | ||
| 085 | |8 1\u |z 2 |s 432145 | ||
| 090 | |a b | ||
| 245 | 0 | 0 | |a Ein wunderliches Völkchen |b Mord, Totschlag, Zank und Streit und andere wundersame Geschehnisse aus oberlausitzischen Städten und Dörfern |c Herausgeber und Vorwort Gottfried Blumenstein |
| 250 | |a 1. Auflage | ||
| 264 | 1 | |a Königswartha |b Schwarzwasser Verlag |c 2019 | |
| 300 | |a 231 Seiten |b Illustrationen |c 22 cm | ||
| 336 | |a Text |b txt |2 rdacontent | ||
| 337 | |a ohne Hilfsmittel zu benutzen |b n |2 rdamedia | ||
| 338 | |a Band |b nc |2 rdacarrier | ||
| 648 | 7 | |a Geschichte |2 gnd | |
| 650 | 7 | |a Kriminalfall |0 (DE-588)4165725-1 |0 (DE-603)085743208 |2 gnd | |
| 651 | 7 | |a Oberlausitz |0 (DE-588)4042942-8 |0 (DE-603)085119431 |2 gnd | |
| 700 | 1 | |a Blumenstein, Gottfried |e Herausgeber |4 edt |0 (DE-603)146767470 |0 (DE-588)112290604 |2 gnd | |
| 700 | 1 | |a Brankatschk, Iris |e Herausgeber |4 edt | |
| 856 | 4 | 2 | |m B:DE-101 |q application/pdf |u https://d-nb.info/1198887702/04 |3 Inhaltsverzeichnis |
| 924 | 0 | |9 2080 |a (DE-603)1258512548 |b DE-2080 |c HES |d d |g / | |


